Construction safety engineering principles : (Record no. 8339)

MARC details
000 -LEADER
fixed length control field 01092nac a22002651u 4500
010 ## - LIBRARY OF CONGRESS CONTROL NUMBER
LC control number 2007273290
020 ## - INTERNATIONAL STANDARD BOOK NUMBER
International Standard Book Number 9780071482448
020 ## - INTERNATIONAL STANDARD BOOK NUMBER
International Standard Book Number 007148244X
035 ## - SYSTEM CONTROL NUMBER
System control number (OCoLC)ocm80816273
082 00 - DEWEY DECIMAL CLASSIFICATION NUMBER
Classification number 690.22
Item number MAC
090 ## - LOCALLY ASSIGNED LC-TYPE CALL NUMBER (OCLC); LOCAL CALL NUMBER (OCLC)
-- 8339
-- 8339
100 ## - MAIN ENTRY--PERSONAL NAME
Personal name MacCollum, David V.,
245 10 - TITLE STATEMENT
Title Construction safety engineering principles :
Remainder of title designing and managing safer job sites /
Statement of responsibility, etc David V. MacCollum.
260 ## - PUBLICATION, DISTRIBUTION, ETC. (IMPRINT)
Place of publication, distribution, etc New York :
Name of publisher, distributor, etc Mcgraw-Hill,2007
Date of publication, distribution, etc 2007.
300 ## - PHYSICAL DESCRIPTION
Extent xvi, 394 p. :
Other physical details ill. ;
Dimensions 25 cm.
500 ## - GENERAL NOTE
General note Includes index.
500 ## - GENERAL NOTE
General note distributer: Al-Ahram
511 ## - PARTICIPANT OR PERFORMER NOTE
Participant or performer note catalogued by: wessam
650 #0 - SUBJECT ADDED ENTRY--TOPICAL TERM
Topical term or geographic name as entry element Construction industry
General subdivision Safety measures.
650 #0 - SUBJECT ADDED ENTRY--TOPICAL TERM
Topical term or geographic name as entry element Building
General subdivision Safety measures.
856 41 - ELECTRONIC LOCATION AND ACCESS
Materials specified Table of contents only
Uniform Resource Identifier <a href="http://www.loc.gov/catdir/enhancements/fy0713/2007273290-t.html">http://www.loc.gov/catdir/enhancements/fy0713/2007273290-t.html</a>
856 41 - ELECTRONIC LOCATION AND ACCESS
Materials specified Publisher description
Uniform Resource Identifier <a href="http://www.loc.gov/catdir/enhancements/fy0713/2007273290-d.html">http://www.loc.gov/catdir/enhancements/fy0713/2007273290-d.html</a>
856 41 - ELECTRONIC LOCATION AND ACCESS
Materials specified Contributor biographical information
Uniform Resource Identifier <a href="http://www.loc.gov/catdir/enhancements/fy0713/2007273290-b.html">http://www.loc.gov/catdir/enhancements/fy0713/2007273290-b.html</a>
942 ## - ADDED ENTRY ELEMENTS (KOHA)
Item type Book - Borrowing
Call number prefix 690.22MAC
Holdings
Withdrawn status Item status Damaged status Not for loan Home library Current library Shelving location Date acquired Source of acquisition Total Checkouts Total Renewals Full call number Barcode Date last seen Date last borrowed Koha item type
        Central Library Central Library First floor 04/03/2008 Purchase 6 38 690.22MAC 000009877 15/07/2025 25/11/2014 Book - Borrowing